| 000 | 00488nam a22001697a 4500 | ||
|---|---|---|---|
| 999 |
_c7877 _d7877 |
||
| 003 | OSt | ||
| 005 | 20220412124428.0 | ||
| 008 | 220412b ||||| |||| 00| 0 eng d | ||
| 020 | _a9789970939206 | ||
| 040 | _cDDC | ||
| 100 |
_aMuseven, Yoweri K. _916010 |
||
| 245 | _aTackling Africa's Problems. | ||
| 260 |
_aKampala Uganda: _bPolitical Directorate of H.E the president ot the Republic of Uganda. |
||
| 300 |
_a404p.; _c23cm. |
||
| 650 |
_aAfrica's Problems. _916011 |
||
| 942 |
_2ddc _cBOOK |
||